La question religieuse contemporaine dans ses rapports avec la politique de la France / (Record no. 156192)

MARC details
000 -LEADER
campo de control de longitud fija 00643nam a22001815i 4500
001 - NÚMERO DE CONTROL
campo de control 156192
003 - IDENTIFICADOR DE NÚMERO DE CONTROL
campo de control ES-MaACL
005 - FECHA Y HORA DE LA ÚLTIMA TRANSACCIÓN
campo de control 20250831025556.0
008 - DATOS DE LONGITUD FIJA--INFORMACIÓN GENERAL
campo de control de longitud fija 040729s1875 fr |||| | fre d
040 ## - FUENTE DE CATALOGACIÓN
Centro catalogador/agencia de origen CAM
Lengua de catalogación spa
Centro/agencia transcriptor CAM
100 1# - ENTRADA PRINCIPAL--NOMBRE DE PERSONA
Nombre de persona Jacob, A.
9 (RLIN) 146874
245 13 - MENCIÓN DEL TÍTULO
Título La question religieuse contemporaine dans ses rapports avec la politique de la France /
Mención de responsabilidad, etc. par M.A. Jacob.
260 ## - PUBLICACIÓN, DISTRIBUCIÓN, ETC.
Lugar de publicación, distribución, etc. Paris :
Nombre del editor, distribuidor, etc. Sandoz et Fischbacher,
Fecha de publicación, distribución, etc. 1875 (
Lugar de fabricación/manufactura Saint-Denis :
Fabricante Imprimerie J. Brochin)
300 ## - DESCRIPCIÓN FÍSICA
Extensión 268 p. ;
Dimensiones 19 cm.
650 #4 - PUNTO DE ACCESO ADICIONAL DE MATERIA--TÉRMINO DE MATERIA
Término de materia o nombre geográfico como elemento de entrada Iglesia y Estado-
Subdivisión geográfica Francia-
Subdivisión cronológica S.XIX
9 (RLIN) 13564
852 ## - LOCALIZACIÓN
Ubicación ES-MaACL
Número de control de estantería D-4621
Nota libre -- Rúst.
Holdings
Estatus retirado Estado de pérdida Estado de daño No para préstamo Colección Biblioteca de origen Biblioteca actual Ubicación en estantería Fecha de adquisición Fuente de adquisición Total de préstamos Signatura topográfica completa Código de barras Visto por última vez Precio de reemplazo Tipo de ítem Koha
        Libros del s. XIX Biblioteca del Ateneo de Madrid Biblioteca del Ateneo de Madrid Sala Valle Inclán 17/01/2008     D-4621 901163404 23/02/2023 23/02/2023 Libro impreso antiguo